Headless Movie Posters Quiz Stats

 Plays Quiz Updated Sep 26, 2018

Also try: TV Interrupted
Challenge
Share
Tweet
Score 0/20 Timer 05:00
3 Plays Today
% Correct
Elf
94%
Men in Black
91.4%
Home Alone
90.1%
Juno
88.8%
Happy Gilmore
83.3%
The Matrix
83%
The 40 Year-Old Virgin
77.8%
Braveheart
75.5%
Dumb and Dumber
68.1%
Pretty Woman
67.9%
% Correct
Rainman
66.5%
Clueless
61.9%
Wedding Crashers
60.3%
Twins
56.9%
Breakfast at Tiffany's
52.4%
Sleepless in Seattle
48%
Beverly Hills Cop
46.9%
Weekend at Bernie's
43.4%
Swingers
31.8%
Desperately Seeking Susan
10.2%

You're not logged in!

Compare scores with friends on all Sporcle quizzes.
OR
Log In

You Might Also Like...

Show Comments

Extras

Top Quizzes Today


Score Distribution

Your Account Isn't Verified!

In order to create a playlist on Sporcle, you need to verify the email address you used during registration. Go to your Sporcle Settings to finish the process.

Report this User

Report this user for behavior that violates our Community Guidelines.

Details: